Bajo el volcán
Gardado en:
| Autor Principal: | |
|---|---|
| Formato: | Libro |
| Idioma: | Undetermined |
| Publicado: |
México, Distrito Federal
[s.n.]
1970
|
| Materias: | |
| Etiquetas: |
Engadir etiqueta
Sen Etiquetas, Sexa o primeiro en etiquetar este rexistro!
|
MARC
| LEADER | 00000nam a2200000Ia 4500 | ||
|---|---|---|---|
| 008 | 170316s9999 xx 000 0 und d | ||
| 040 | |a cru BVZT | ||
| 090 | |a 820 L-10b | ||
| 100 | |a Lowry, Malcolm | ||
| 245 | |a Bajo el volcán | ||
| 260 | |a México, Distrito Federal | ||
| 260 | |b [s.n.] | ||
| 260 | |c 1970 | ||
| 300 | |a 402 páginas | ||
| 650 | |a LITERATURA INGLESA |9 12 | ||
| 999 | |c 6975 |d 6975 | ||
| 942 | |c LIB |h 820 L-10b |2 z | ||
